| 000 | 01014nam a2200241Ia 4500 | ||
|---|---|---|---|
| 003 | OSt | ||
| 005 | 20250729161259.0 | ||
| 008 | 191128s2001 sp er 000 f spa d | ||
| 020 | _a8478444742 | ||
| 040 |
_aCO-JMCR _cCO-JMCR |
||
| 041 | _aspa | ||
| 082 |
_aJ-C _bCALc |
||
| 100 | 1 |
_aCalvino, Italo, _d1923-1985 _910240 |
|
| 245 | 0 |
_aEl castillo de los destinos cruzados / _cItalo Calvino ; traducción de Aurora Bernárdez |
|
| 250 | _aSegunda edición | ||
| 260 |
_aMadrid : _bEdiciones Siruela ; _c2001 |
||
| 300 |
_a147 páginas : _bilustraciones en blanco y negro ; _c22 cm. |
||
| 505 | _aEl castillo de los destinos cruzados -- El castillo -- Historia del ingrato gastigado -- Historia del alquimista que vendió -- Su alma -- Historia de la novia condenada -- Historia de un ladrón de sepulcros -- Historia de Orlando loco de amor. | ||
| 546 | _aII Castello dei destini incrociati | ||
| 650 | 1 | 4 |
_aCuentos fantásticos _910241 |
| 700 |
_aBernárdez, Aurora, _etraductora _910242 |
||
| 942 |
_2ddc _cBK |
||
| 999 |
_c4186 _d4186 |
||